Library Banner

Schizophrenia : (Record no. 98602)

MARC details
000 -LEADER
fixed length control field 00887cam a2200253 i 4500
001 - CONTROL NUMBER
control field 17606351
005 - DATE AND TIME OF LATEST TRANSACTION
control field 20170928093304.0
008 - FIXED-LENGTH DATA ELEMENTS--GENERAL INFORMATION
fixed length control field 130129s2013 mdua 001 0deng
020 ## - INTERNATIONAL STANDARD BOOK NUMBER
International Standard Book Number 9781421410906 (hardcover : alkaline paper)
020 ## - INTERNATIONAL STANDARD BOOK NUMBER
International Standard Book Number 9781421410913 (pbk. : alkaline paper)
020 ## - INTERNATIONAL STANDARD BOOK NUMBER
International Standard Book Number 1421410907 (hardcover : alkaline paper)
020 ## - INTERNATIONAL STANDARD BOOK NUMBER
International Standard Book Number 1421410915 (pbk. : alkaline paper)
040 ## - CATALOGING SOURCE
Transcribing agency PK-LaUMT
082 00 - DEWEY DECIMAL CLASSIFICATION NUMBER
Classification number 616.898
Edition number 23
Item number CHA-S
100 1# - MAIN ENTRY--PERSONAL NAME
Personal name Chase, Ronald.
245 10 - TITLE STATEMENT
Title Schizophrenia :
Remainder of title a brother finds answers in biological science /
Statement of responsibility, etc Ronald Chase
260 ## - PUBLICATION, DISTRIBUTION, ETC. (IMPRINT)
Place of publication, distribution, etc Baltmore :
Name of publisher, distributor, etc The Johns Hopkins University Press,
Date of publication, distribution, etc 2013
300 ## - PHYSICAL DESCRIPTION
Extent viii, 213 p. :
Other physical details illustrations ;
Dimensions 24 cm
650 #0 - SUBJECT ADDED ENTRY--TOPICAL TERM
Topical term or geographic name as entry element Schizophrenia.
650 #0 - SUBJECT ADDED ENTRY--TOPICAL TERM
Topical term or geographic name as entry element Schizophrenia in adolescence.
650 #0 - SUBJECT ADDED ENTRY--TOPICAL TERM
Topical term or geographic name as entry element Schizophrenics
General subdivision Family relationships
Geographic subdivision United States.
650 #0 - SUBJECT ADDED ENTRY--TOPICAL TERM
Topical term or geographic name as entry element Neuropsychiatry.
942 ## - ADDED ENTRY ELEMENTS (KOHA)
Koha item type Books
Holdings
Withdrawn status Lost status Damaged status Home library Current library Date acquired Full call number Barcode Date last seen Price effective from Koha item type
      UMT Main Campus UMT Health Sciences Campus 2017-09-28 616.898 CHA-S 114196 2026-05-11 2017-09-28 Books